Statistiques concernant Capitales des Pays et Territoires Nordiques

Cliquez ici pour prendre le quiz!

Statistiques générales

  • Ce quiz a été pris 412 fois
  • Le résultat moyen est 6 sur 9

Statistiques - réponses

Capitale% Correct
Oslo
100%
Copenhague
97%
Helsinki
97%
Stockholm
96%
Reykjavik
90%
Nuuk
47%
Tórshavn
22%
Longyearbyen
16%
Mariehamn
15%

Distribution des résultats

Percentile par nombre de réponses

% des personnes avec chaque résultat

Votre développement - résultats

Vous n’avez pas pris ce quiz